00676 2200241 4500001002100000005001500021035002000036007000300056008004100059020001800100082001100118084001700129100003400146245008000180300003000260650001200290650001100302264003400313336002100347337003000368338002300398990001300421INLIS00000000112166720251106102817 a0010-1125000024ta251106 0 ind a9786020899091 a297.41 a297.41 M. a0 aM. Hasyim SyamhudiePengarang1 aAkhlak Tasawuf :bDalam Kontruksi Piramida Ilmu Islam /cM. Hasyim Syamhudi axiv,366 halaman ;c24 cm. 4aTasawuf 4aSufism aMalang :bMadani Media,c2015 2rdacontentaTeks 2rdamediaaTanpa Perantara 2rdacarrieraVolume a25/00121